000 00364 a2200157 4500
001 190801
020 _a85-85455-30-0
040 _cMagnum
100 _aFittipaldi, Cica
240 1 0 _aPra mim, pra vocĂȘ, pra todo mundo
_lpor
245 1 0 _aPra mim, pra vocĂȘ, pra todo mundo
300 _a22
362 0 _a1997
697 _aLITERATURA INFANTIL
942 _cBK
999 _c190801
_d190801